Atlanta Falcons: Pro Bowl Selections - Statistics

General Stats
  • This quiz has been taken 718 times
    112 since last reset
  • The average score is 25 of 81
Answer Stats
Position Amount of Selections Player % Correct
WR 7 Julio Jones
98%
QB 4 Matt Ryan
97%
LB 1 Deion Jones
92%
QB 3 Michael Vick
83%
TE 4 Tony Gonzalez
80%
WR 4 Roddy White
78%
RB 2 Bijan Robinson
73%
RB 2 Devonta Freeman
68%
TE 1 Kyle Pitts
68%
CB 3 Deion Sanders
67%
CB 1 Eugene Robinson
63%
T 1 Jake Matthews
55%
RB 1 Jamal Anderson
53%
K 1 Morten Andersen
53%
RB 2 Michael Turner
52%
K 1 Younghoe Koo
52%
QB 2 Chris Chandler
50%
G 4 Chris Lindstrom
50%
QB 2 Steve Bartkowski
50%
DT 2 Grady Jarrett
48%
C 3 Alex Mack
40%
TE 4 Alge Crumpler
40%
WR 1 Billy Johnson
40%
CB 1 Jessie Bates
40%
RB 1 Warrick Dunn
40%
K 1 Norm Johnson
38%
TE 1 Austin Hooper
37%
DE 1 John Abraham
37%
WR 4 Andre Rison
35%
LB 1 Vic Beasley
35%
RB 3 Gerald Riggs
33%
RB 1 Cannonball Miller
32%
QB 1 Chris Miller
32%
TE 2 Junior Miller
32%
LB 5 Jessie Tuggle
30%
CB 1 Desmond Trufant
28%
K 1 Matt Bryant
27%
RB 4 William Andrews
27%
CB 1 Keanu Neal
25%
CB 2 DeAngelo Hall
23%
DT 1 Roderick Coleman
23%
DE 6 Claude Humphrey
22%
LS 1 Josh Harris
22%
WR 1 Terance Mathis
22%
LB 5 Tommy Nobis
18%
LB 5 Keith Brooking
17%
WR 2 Alfred Jenkins
15%
P 3 John James
15%
T 5 Mike Kenn
15%
CB 1 William Moore
15%
QB 1 Bobby Hebert
13%
C 6 Jeff Van Note
13%
FB 1 Patrick DiMarco
13%
G 4 Bill Fralic
12%
CB 1 Brent Grimes
12%
RB 1 Craig Heyward
12%
WR 1 Devin Hester
12%
FB 1 Ovie Mughelli
12%
CB 1 Ray Buchanan
12%
CB 1 Rolland Lawrence
12%
TE 2 Jim Mitchell
10%
WR 1 KhaDarel Hodge
10%
DE 1 Patrick Kerney
10%
CB 1 Scott Case
10%
T 1 Tyson Clabo
10%
QB 1 Bob Berry
8%
T 1 Bob Whitfield
8%
T 1 Chris Hinton
8%
DE 1 John Zook
8%
G 3 R.C. Thielemann
8%
CB 1 Thomas DeCoud
8%
CB 1 Allen Rossum
7%
DE 1 Chris Doleman
7%
T 5 George Kunz
7%
RB 1 John Settle
7%
CB 1 Ken Reaves
7%
CB 4 Elbert Shelley
5%
WR 1 Eric Weems
5%
LB 1 Greg Brezina
5%
K 1 Nick Mike-Mayer
5%
K 1 Bob Etter
3%
No matching quizzes found
Score Distribution
Percent of People with Each Score
Percentile by Number Answered
Your Score History
You have not taken this quiz since the last reset